Most Common First Names in the United States - C - Statistics

General Stats
  • This quiz has been taken 487 times
  • The average score is 9 of 20
Answer Stats
Hint Answer % Correct
96 Chris
87%
8 Charles
84%
47 Carl
79%
11 Christopher
76%
18 Carol
72%
70 Christina
66%
43 Christine
66%
46 Catherine
61%
81 Carlos
38%
28 Cynthia
38%
42 Carolyn
36%
111 Carmen
30%
121 Chad
30%
106 Connie
29%
59 Cheryl
27%
90 Craig
25%
102 Crystal
19%
112 Curtis
17%
93 Clarence
15%
149 Clifford
13%
No matching quizzes found
Score Distribution
Percent of People with Each Score
Percentile by Number Answered
Your Score History
You have not taken this quiz